00731cam a22002171 4500001001300000003000400013005001700017008004100034010001700075035001800092040001700110042001200127050001600139100003700155245010400192260004100296300003800337500006900375630005200444999001700496ca 28000842 DLC20260227111120.0740701s1892 xx 000 0 ger  aca 28000842  a(OCoLC)933164 aDLCcOUdDLC apremarc00aBS1515b.R41 aReich, Wilhelm,cBaden bei Wien.00aJesaias.bExegetisch-kritische studien vorzüglich auf historischer grundlage.cVon Wilhelm Reich. aWien,bO. Frank's nachfolger,c1892. a4 p. l., xii, 277, [2] p.c24 cm. aAlso issued as v. 1 of the author's Das prophetische schrifttum.00aBible.pIsaiahxCriticism, interpretation, etc. c16432d16432